Najwięcej występów w Lidze Mistrzów - Statystyki

Ogólne statystyki
  • Ten quiz został rozwiązany 720 razy
    142 od ostatniego zresetowania
  • Średni wynik to 17 z 30
Statystyki odpowiedzi
Występy Piłkarz % Poprawnych
183 Cristiano Ronaldo
100%
163 Lionel Messi
100%
120 Robert Lewandowski
91%
130 Andrés Iniesta
77%
152 Karim Benzema
77%
128 Luka Modrić
77%
177 Iker Casillas
76%
142 Sergio Ramos
75%
151 Xavi
75%
151 Thomas Müller
71%
124 Gianluigi Buffon
64%
140 Manuel Neuer
64%
124 Zlatan Ibrahimovic
58%
115 Carles Puyol
57%
151 Toni Kroos
57%
128 Gerard Piqué
54%
142 Raúl
53%
129 Sergio Busquets
51%
112 Philipp Lahm
50%
120 Pepe
48%
112 Thierry Henry
43%
111 Dani Alves
37%
141 Ryan Giggs
36%
110 Arjen Robben
32%
124 Paul Scholes
30%
119 Xabi Alonso
26%
120 Roberto Carlos
23%
117 David Alaba
19%
111 Petr Cech
15%
125 Clarence Seedorf
13%
Nie znaleziono quizów pasujących do podanych kryteriów
Rozkład punktacji
Procent ludzi z każdym wynikiem
Percentyl według liczby udzielonych odpowiedzi
Twoja historia wyników
Nie rozwiązałeś tego quizu od ostatniego zresetowania